| 000 | 00637nam a2200253Ia 4500 | ||
|---|---|---|---|
| 008 | 181129s9999 xx 000 0 und d | ||
| 020 | _a9780439064514 | ||
| 050 | _bP656 2000 | ||
| 100 | _aPinnell, Gay Su | ||
| 245 | 0 | _aSchool everyday book box red / | |
| 245 | 0 | _cby Gay Su Pinnell ; illustrated by Peggy Tagel. | |
| 260 | _aNew York, NY : | ||
| 260 | _bScholastic, | ||
| 260 | _c2000 | ||
| 300 | _a8 pages : | ||
| 300 | _bcolor illustrations ; | ||
| 300 | _c23cm. | ||
| 440 | _aHigh-frequency readers. | ||
| 500 | _aBR40 | ||
| 650 | _aSchool. | ||
| 700 | _aSeries. | ||
| 700 | _aTagel, Peggy. | ||
| 700 | _aTitle. | ||
| 999 |
_c359962 _d359962 |
||